[Event "Rio de Janeiro Estadual-ch"]
[Site "Rio de Janeiro"]
[Date "2014.05.04"]
[Round "5"]
[White "Rodrigues Nunes, Renato Werner"]
[Black "Teixeira, Ricardo da Silva"]
[Result "1-0"]
[WhiteElo "2132"]
[BlackElo "2224"]
[PlyCount "69"]
[EventDate "2014.05.01"]
[EventType "swiss"]
[EventRounds "6"]
[EventCountry "BRA"]
[SourceTitle "CBM 160 Extra"]
[Source "ChessBase"]
[SourceDate "2014.07.01"]
[SourceVersion "1"]
[SourceVersionDate "2014.07.01"]
[SourceQuality "1"]

1. e4 Nf6 2. e5 Nd5 3. d4 d6 4. Nf3 g6 5. Bc4 Nb6 6. Bb3 Bg7 7. Qe2 0-0 8. h3 Nc6 9. 0-0 dxe5 10. dxe5 Nd4 11. Nxd4 Qxd4 12. Re1 Be6 13. Bxe6 fxe6 14. Nd2 Nd5 15. Nf3 Qb6 16. c4 Nb4 17. Be3 Qa6 18. Bd4 Rad8 19. a3 Nd3 20. Qxd3 c5 21. Qc3 cxd4 22. Nxd4 Rf4 23. Rad1 Qa4 24. b3 Qd7 25. Nxe6 Qxd1 26. Nxf4 Qd2 27. Qxd2 Rxd2 28. Nd5 e6 29. Nc7 Kf7 30. Nb5 Bf8 31. Re3 a6 32. Rf3+ Kg7 33. Nc7 Bxa3 34. Nxe6+ Kh6 35. Rf4 1-0

[Event "Rio de Janeiro Estadual-ch"]
[Site "Rio de Janeiro"]
[Date "2014.05.03"]
[Round "3"]
[White "Manzi, Luiz Antonio Bardao"]
[Black "Rodrigues Nunes, Renato Werner"]
[Result "1-0"]
[WhiteElo "2080"]
[BlackElo "2132"]
[PlyCount "157"]
[EventDate "2014.05.01"]
[EventType "swiss"]
[EventRounds "6"]
[EventCountry "BRA"]
[SourceTitle "CBM 160 Extra"]
[Source "ChessBase"]
[SourceDate "2014.07.01"]
[SourceVersion "1"]
[SourceVersionDate "2014.07.01"]
[SourceQuality "1"]

1. d4 Nf6 2. c4 e6 3. Nf3 d5 4. Nc3 Be7 5. Bg5 0-0 6. e3 h6 7. Bxf6 Bxf6 8. Be2 b6 9. cxd5 exd5 10. Qb3 Be6 11. 0-0 c5 12. Qc2 Nc6 13. Rfd1 cxd4 14. Nxd4 Bxd4 15. exd4 Rc8 16. Qa4 Rc7 17. Nb5 Re7 18. Bf3 Na5 19. Rac1 a6 20. Nc3 b5 21. Qb4 Rb7 22. Nxd5 Rd7 23. Ne3 Nc4 24. Nxc4 Bxc4 25. b3 Bd5 26. Bxd5 Rxd5 27. Rc5 Re8 28. Rxd5 Qxd5 29. Qc5 Qe4 30. Qc1 Rd8 31. Qd2 Rd5 32. Qe3 Qc2 33. Qd2 Qe4 34. f3 Qh4 35. Qe3 Qd8 36. Qe4 f5 37. Qe6+ Kh7 38. Rc1 Qg5 39. Rd1 Rxd4 40. Rxd4 Qc1+ 41. Kf2 Qb2+ 42. Ke3 Qc3+ 43. Kf4 Qxd4+ 44. Kxf5 Qc5+ 45. Kg4 Qg5+ 46. Kh3 Qh5+ 47. Kg3 Qg5+ 48. Qg4 Qd2 49. a4 bxa4 50. bxa4 a5 51. Qf4 Qe1+ 52. Kh3 Qb4 53. Qe4+ Kg8 54. Kg4 Kf7 55. Kf4 Qd2+ 56. Kg3 Qb4 57. h4 g6 58. Kg4 Kg7 59. h5 gxh5+ 60. Kxh5 Qd6 61. Kh4 Qb4 62. Kg4 Kf6 63. Kf4 Qd2+ 64. Kg3 Qb4 65. Kg4 Kg7 66. Kf5 Qf8+ 67. Ke6 Qf7+ 68. Kd6 Qf6+ 69. Kc7 h5 70. Kd7 Qb2 71. Qe7+ Kg6 72. Qe8+ Kg5 73. Qg8+ Kh4 74. Qd8+ Kg3 75. Qg5+ Kf2 76. Qxa5 Kxg2 77. Qxh5 Qd4+ 78. Ke7 Qxa4 79. Qg4+ 1-0

[Event "Rio de Janeiro Estadual-ch"]
[Site "Rio de Janeiro"]
[Date "2014.05.01"]
[Round "2"]
[White "Rodrigues Nunes, Renato Werner"]
[Black "Santos Filho, Tadeu Souza"]
[Result "1-0"]
[WhiteElo "2132"]
[BlackElo "2087"]
[PlyCount "101"]
[EventDate "2014.05.01"]
[EventType "swiss"]
[EventRounds "6"]
[EventCountry "BRA"]
[SourceTitle "CBM 160 Extra"]
[Source "ChessBase"]
[SourceDate "2014.07.01"]
[SourceVersion "1"]
[SourceVersionDate "2014.07.01"]
[SourceQuality "1"]

1. e4 e6 2. d4 d5 3. Nc3 Nf6 4. Bg5 Bb4 5. e5 h6 6. exf6 hxg5 7. fxg7 Rg8 8. h4 gxh4 9. Qg4 Qf6 10. Qxh4 Qxg7 11. Nf3 Nc6 12. 0-0-0 a6 13. g3 Bd7 14. Kb1 Be7 15. Qf4 0-0-0 16. Bd3 Rh8 17. a3 Kb8 18. Rde1 f6 19. Qd2 Bc8 20. Rxh8 Qxh8 21. Bf1 e5 22. dxe5 d4 23. Ne4 fxe5 24. Nfg5 Qg7 25. f4 exf4 26. gxf4 Rf8 27. Bd3 Nd8 28. Rh1 Rh8 29. Rxh8 Qxh8 30. Qf2 Qh1+ 31. Ka2 Ne6 32. Bc4 Nxg5 33. Nxg5 b5 34. Bf7 c5 35. f5 Qc6 36. Nh7 Qd6 37. f6 Bd8 38. Bg8 Be6+ 39. Bxe6 Qxe6+ 40. Kb1 Qf7 41. Qg3+ Kc8 42. Qg4+ Kb8 43. Qg7 Qc4 44. Qg6 Qf1+ 45. Ka2 c4 46. f7 Be7 47. Qb6+ Kc8 48. Qc6+ Kd8 49. Qe8+ Kc7 50. Qxe7+ Kc6 51. f8Q 1-0